000 00359nam a22001337a 4500
999 _c8030
_d8031
008 190704b ||||| |||| 00| 0 eng d
020 _a8247150956
082 _a305 B62f 2002
100 _aBjerkan, Lise
245 _aFaces of Sadhu ;
_bEncounters with Hindu, Renouncers in Northern India.
260 _c2002.
300 _axiii, 368 p.
_c25 cm.
942 _2ddc